000 00989cam a2200265 a 4500
001 000001935
003 DO-SdBNP
005 20251029134813.0
008 780629s1990 ve a b 000 0 spa
040 _aDO-SdBNP
_bspa
_cBNPHU
082 _a726.509
_bM777c, 1990
100 1 _aMontenegro, Juan Ernesto.
_96274
245 1 3 _aLa capilla de Santa Rosa de Lima :
_bfragua de la universidad y de la libertad /
_cJuan Ernesto Montenegro ; prólogo, Oscar Beaujon.
250 _a2a ed.
260 _aCaracas :
_bAlcaldía del Municipio Libertador,
_c1990.
300 _a333 p. :
_bil. ;
_c27 cm.
504 _aIncluye referencias bibliográficas: p. 303-307.
504 _aIncluye notas al pie de las páginas
610 2 4 _aCAPILLA DE SANTA ROSA DE LIMA (CARACAS, VENEZUELA)
_xHISTORIA
_96275
650 4 _aSimbolismo cristiano
_zVenezuela
_94145
650 4 _aArquitectura religiosa
_94146
650 4 _aArte cristiano
_94147
700 1 _aBeaujon, Oscar
_epról.
_96276
942 _2ddc
_cLBS1
999 _c1801
_d1801